Дело об увольнении профессора Виленского университета Д. Саундерса

Доступно только в Электронных читальных залах Найти на картеНа карте
RUSMARC
00004424nmc2a2200000 x 450
0012c43cdfd-5a8e-42be-ace5-7882b13abf82
00520170417201039.0
100##$a20140625l18201835k l0rusy0189 ca
1010#$arus
102##$aRU
2001#$aДело об увольнении профессора Виленского университета Д. Саундерса
$j15 октября 1820 г. - 3 октября 1835 г.
251##$cДело
300##$aДело
300##$aОриг. заголовок дела: Дело по письму поверенного в делах во Флоренции господина Сверчкова с препровождением такового же от профессора Виленского университета Саундерса, об увольнении его вовсе от службы с определением ему полного пенсиона 1500 рублей серебром. 15 октября 1820 г. - 9 мая 1821 г
801#0$aRU
$bРГИА
$c20140625
$gRCR
801#1$aRU
$bГлавНИВЦ
$c20140625
$2rusmarc
801#2$aRU
$bПБ им. Б.Н. Ельцина
$c20170417
$gRCR
$2rusmarc
850##$aРГИА
852##$aРГИА
$eФедеральное казенное учреждение "Российский государственный исторический архив" (РГИА)
$j511
937##$hРГИА
$d11168613
$aASBIBLIO_SCAN
462#0$10015669bbef-3371-47f1-bb13-3488c19b51be
$12001
$aДела Департамента народного просвещения по Виленскому учебному округу
$1251
$cОпись
$1852
$j62
461#0$1001a74412a3-3cc5-4d21-8f0a-dfe2fbd9e72d
$12001
$aДепартамент народного просвещения Министерства народного просвещения (1803-1917)
$1251
$cФонд
$1852
$j733
215##$a42 л.
$d36,5х26 см
371##$aДокумент не является опубликованным и широко распространяемым
105##$ay###
1222#$ad
5171#$aДело по письму поверенного в делах во Флоренции господина Сверчкова с препровождением такового же от профессора Виленского университета Саундерса, об увольнении его вовсе от службы с определением ему полного пенсиона 1500 рублей серебром. 15 октября 1820 г. - 9 мая 1821 г
035##$a2c43cdfd-5a8e-42be-ace5-7882b13abf82
856##$uhttp://readingroom.main.prlib.ru/item.aspx?id_node=n97094839&mode=full
Формат отображения